[Event "45th Olympiad 2024"]
[Site "Budapest HUN"]
[Date "2024.09.18"]
[Round "7.70"]
[White "Panjwani, Raja"]
[Black "Subelj, Jan"]
[Result "0-1"]
[WhiteElo "2460"]
[BlackElo "2498"]
[PlyCount "88"]
[EventDate "2024.09.11"]
[WhiteTeam "Canada"]
[BlackTeam "Slovenia"]
[WhiteTeamCountry "CAN"]
[BlackTeamCountry "SLO"]

1. Nf3 Nf6 2. c4 e6 3. Nc3 d5 4. e3 Bd6 5. d4 O-O 6. b3 a6 7. Bd3 dxc4 8. bxc4 c5 9. O-O Nbd7 10. Qc2 h6 $146 ({RR} 10... Qc7 11. Bb2 Rb8 12. h3 h6 13. Nd2 b6 14. Nce4 Be7 15. Rfd1 Bb7 16. a4 a5 17. Nc3 cxd4 18. exd4 Rfc8 19. Nb5 Qf4 20. Bc1 Qh4 21. Be2 Ne4 22. Nxe4 Bxe4 23. Bd3 Bb7 24. Ba3 Bxa3 25. Rxa3 {1-0 LAPITE,O (2150)-Olape,B (2232) South West Chess Lagos 2023 (8.4)}) 11. Rd1 Qc7 12. Bb2 cxd4 13. exd4 b6 14. h3 Bb7 15. Nd2 e5 16. d5 Nc5 17. a4 Nxd3 18. Qxd3 Nh5 19. Nce4 Bb4 20. Qb3 a5 21. Nf3 Rae8 22. Ba3 f5 23. Bxb4 axb4 24. Ng3 Nxg3 25. fxg3 e4 26. Nd4 e3 27. Ne2 Re4 28. Qxb4 Rxc4 29. Qb3 Qc5 30. d6 Kh7 31. Qb5 Rc2 32. Qxc5 bxc5 33. Nf4 g5 34. Nd5 e2 35. Rd3 c4 36. Rd4 c3 37. Ne3 Rd2 38. Rc4 f4 39. gxf4 gxf4 40. Rc7+ Kg6 41. Nc2 Rd1+ 42. Kf2 Ba6 43. Ne1 Rxa1 44. d7 Rxa4 0-1

[Event "45th Olympiad 2024"]
[Site "Budapest HUN"]
[Date "2024.09.18"]
[Round "7.18"]
[Board "3"]
[White "Sebenik, Matej"]
[Black "Preotu, Razvan"]
[Result "1/2-1/2"]
[WhiteElo "2515"]
[BlackElo "2451"]
[PlyCount "61"]
[EventDate "2024.09.11"]
[WhiteTeam "Slovenia"]
[BlackTeam "Canada"]
[WhiteTeamCountry "SLO"]
[BlackTeamCountry "CAN"]

1. Nf3 c5 2. c4 Nc6 3. Nc3 e5 4. e3 Nf6 5. d4 e4 6. d5 exf3 7. dxc6 dxc6 8. Qxd8+ Kxd8 9. gxf3 g6 10. b3 Bg7 11. Bb2 b6 12. O-O-O+ Kc7 ({RR} 12... Ke7 13. Bg2 Bd7 14. Ne2 Nh5 15. Ng3 Bxb2+ 16. Kxb2 Ng7 17. f4 h5 18. Ne4 Rhd8 19. Ng5 Ne6 20. Nf3 f6 21. Rhg1 Be8 22. Rxd8 Rxd8 23. Kc1 Rd6 24. f5 Nf8 25. fxg6 Nxg6 26. Bh3 Kf7 27. Bf5 {½-½ Baranciuc,A (2332)-Andries,A (2024) 32nd EY Open U18 2024 (1.25)}) 13. h4 Bf5 14. Ne2 Nh5 $146 ({RR} 14... h5 15. Ng3 Be6 16. Be5+ Kb7 17. f4 Ne8 18. Bh3 Bxh3 19. Rxh3 Kc8 20. Ne4 Rg8 21. Nd6+ Nxd6 22. Rxd6 Kb7 23. Rd7+ Ka6 24. Rxf7 Bxe5 25. fxe5 g5 26. hxg5 Rxg5 27. e6 Re5 28. e7 Re8 29. Kd2 {1-0 Sargissian,G (2686)-Djukic,N (2518) 24th European Teams 2023 (1.2)}) 15. Bxg7 Nxg7 16. Ng3 h5 17. Bd3 Bxd3 18. Rxd3 Rad8 19. Rxd8 Rxd8 20. Kc2 a5 21. Ne4 Nf5 22. a4 Kd7 23. Ng3 Nd6 24. Rd1 Ke7 25. e4 Nb7 26. f4 Rxd1 27. Kxd1 Nd6 28. e5 Nf5 29. Nxf5+ gxf5 30. Kd2 Ke6 31. Kd3 1/2-1/2

[Event "45th Olympiad 2024"]
[Site "Budapest HUN"]
[Date "2024.09.18"]
[Round "7.18"]
[Board "4"]
[White "Noritsyn, Nikolay"]
[Black "Lavrencic, Matic"]
[Result "1/2-1/2"]
[WhiteElo "2451"]
[BlackElo "2360"]
[PlyCount "165"]
[EventDate "2024.09.11"]
[WhiteTeam "Canada"]
[BlackTeam "Slovenia"]
[WhiteTeamCountry "CAN"]
[BlackTeamCountry "SLO"]

1. e4 c5 2. Nf3 e6 3. d4 cxd4 4. Nxd4 Nf6 5. Nd2 d6 6. Bd3 Nbd7 ({RR} 6... g6 7. Nc4 d5 8. exd5 Nxd5 9. O-O Bg7 10. c3 O-O 11. Be4 Nc6 12. Nxc6 bxc6 13. Qa4 Qc7 14. Qa5 Qb7 15. Rd1 Qa6 16. Qxa6 Bxa6 17. Na5 f5 18. Bf3 Nxc3 19. bxc3 Bxc3 20. Bh6 Bxa5 21. Bxf8 {1-0 Nepomniachtchi,I (2771)-Gelfand,B (2655) Levitov Chess Week Rapid 2023 (10.3)}) 7. c3 ({RR} 7. c4 Nc5 8. Bc2 g6 9. b4 Ncd7 10. Bb2 a6 11. O-O Bg7 12. a4 O-O 13. a5 Ne5 14. Qe2 Bd7 15. f4 Nc6 16. e5 Ne8 17. Nxc6 Bxc6 18. Rfd1 b5 19. Be4 Bxe4 20. Nxe4 bxc4 21. exd6 Nf6 {1-0 Erigaisi,A (2761)-Gavrilescu,D (2538) TCh-FRA Top 16 Basse 2024 (1.9)}) 7... Be7 8. O-O O-O 9. Re1 $146 ({RR} 9. Qe2 Nc5 10. Bc2 e5 11. N4f3 Bg4 12. Nc4 Ne6 13. Be3 b5 14. Ncd2 Qc7 15. Bb3 a6 16. Rfd1 Nc5 17. Bxc5 dxc5 18. h3 Bh5 19. Bd5 Nxd5 20. exd5 f5 21. Re1 e4 22. g4 exf3 23. Qxe7 Qf4 {1-0 Bubnova,U (1675)-Vasilieva,D (1363) Vera Penzina Mem 2023 (2.13)}) 9... Ne5 10. Bf1 Qc7 11. a4 Bd7 12. h3 Rad8 13. a5 Nc6 14. Nb5 Qb8 15. Nf3 d5 16. exd5 Nxd5 17. Qc2 a6 18. Nbd4 Nxd4 19. Nxd4 Bf6 20. Qe4 Qc7 21. Bd3 g6 22. Qf3 Bc8 23. Be4 Bg7 24. Bg5 Ne7 25. Bb1 h6 26. Bh4 Rde8 27. Ba2 Bd7 28. Bg3 e5 29. Qe4 Nf5 30. Bh2 Qc8 31. Nc2 Bc6 32. Qg4 Kh7 33. Nb4 Bd7 34. Rad1 Nd4 35. Qh4 Nc6 36. Nd5 Be6 37. Nb6 Qc7 38. Bxe6 Rxe6 39. Rd7 Qb8 40. b4 Rd6 41. Qc4 Kg8 42. Qc5 Rd8 43. Rxd6 Qxd6 44. Qxd6 Rxd6 45. Nc4 Rd5 46. g4 e4 47. Rxe4 Bxc3 48. Bf4 Bxb4 49. Bxh6 Kh7 50. Be3 Bxa5 51. Nxa5 Rxa5 52. Re8 Rb5 53. Kg2 a5 54. Ra8 Kg7 55. h4 f6 56. g5 fxg5 57. hxg5 Kf7 58. Kf3 Ne5+ 59. Kf4 Nc4 60. Bd4 Rf5+ 61. Kg4 Ne5+ 62. Bxe5 Rxe5 63. f4 Rb5 64. Kf3 Ke7 65. Ke4 Rb4+ 66. Ke5 a4 67. Ra5 Kf7 68. f5 Rg4 69. Rb5 Rxg5 70. Rxb7+ Kf8 71. Kf6 Rxf5+ 72. Kxg6 Rf3 73. Ra7 a3 74. Kg5 Ke8 75. Kg4 Rb3 76. Kf4 Kd8 77. Ke4 Kc8 78. Kd4 Kb8 79. Ra4 Rh3 80. Kc5 Kb7 81. Kb4 Rh4+ 82. Kxa3 Rxa4+ 83. Kxa4 1/2-1/2

[Event "45th Olympiad 2024"]
[Site "Budapest HUN"]
[Date "2024.09.18"]
[Round "7.19"]
[Board "1"]
[White "Brkic, Ante"]
[Black "Sadorra, Julio Catalino"]
[Result "1/2-1/2"]
[WhiteElo "2642"]
[BlackElo "2542"]
[PlyCount "62"]
[EventDate "2024.09.11"]
[WhiteTeam "Croatia"]
[BlackTeam "Philippines"]
[WhiteTeamCountry "CRO"]
[BlackTeamCountry "PHI"]

1. e4 e5 2. Nf3 Nc6 3. Bb5 a6 4. Ba4 Nge7 5. c3 f6 6. d4 d5 7. dxe5 dxe4 8. Nd4 b5 9. Bb3 Nxd4 10. exf6 Nf3+ 11. gxf3 Qxd1+ 12. Bxd1 $146 ({RR} 12. Kxd1 gxf6 13. Nd2 exf3 14. Ne4 Bg7 15. Nc5 Bh3 16. Ne6 Bxe6 17. Bxe6 Rd8+ 18. Kc2 Ng6 19. Re1 Ne5 20. Bf4 h5 21. a4 Ke7 22. Bf5 b4 23. cxb4 Rd4 24. Bd2 Rhd8 25. Bc3 R4d6 26. b5 Kf7 {1-0 Khamdamova,A (2327)-Khademalsharieh,S (2481) World Blitz Women 2023 (3.14)}) 12... gxf6 13. Nd2 Bb7 14. fxe4 O-O-O 15. Bc2 Ng6 16. Nb3 Re8 17. Be3 Bxe4 18. Bxe4 Rxe4 19. O-O-O Bd6 20. Rd4 Rhe8 21. Rg1 f5 22. Rxe4 Rxe4 23. Rg5 f4 24. Nd2 Re5 25. Rxe5 Bxe5 26. Bc5 Kd7 27. Nf3 Ke6 28. Kd2 Kd5 29. Bd4 c5 30. Bxe5 Nxe5 31. Nxe5 Kxe5 1/2-1/2

[Event "45th Olympiad 2024"]
[Site "Budapest HUN"]
[Date "2024.09.18"]
[Round "7.19"]
[Board "2"]
[White "Quizon, Daniel"]
[Black "Martinovic, Sasa"]
[Result "0-1"]
[WhiteElo "2490"]
[BlackElo "2563"]
[PlyCount "92"]
[EventDate "2024.09.11"]
[WhiteTeam "Philippines"]
[BlackTeam "Croatia"]
[WhiteTeamCountry "PHI"]
[BlackTeamCountry "CRO"]

1. e4 e6 2. d4 d5 3. Nd2 c5 4. exd5 Qxd5 5. Ngf3 cxd4 6. Bc4 Qd6 7. O-O Nf6 8. Nb3 Nc6 9. Nbxd4 Nxd4 10. Qxd4 Qxd4 11. Nxd4 Bd7 12. Bf4 Rc8 13. Bb3 Bc5 14. Rad1 O-O 15. c3 Rfd8 16. Rfe1 ({RR} 16. h3 b5 {½-½ Savic,M (2503)-Martinovic,S (2564) BIH-chT 18th 2019 (5.1)}) 16... h6 ({RR} 16... Kf8 17. Be5 Ng4 18. Bg3 Nf6 19. Be5 Ng4 20. Bg3 Nf6 {½-½ Safarli,E (2622)-Vallejo Pons,F (2724) Baku op-A 2011 (9)}) 17. h3 Kf8 ({RR} 17... a6 18. Be3 Kf8 19. f3 b5 20. Kf2 a5 21. a3 Be7 22. g4 Nd5 23. Kg2 Nxe3+ 24. Rxe3 b4 25. axb4 axb4 26. Red3 bxc3 27. bxc3 Bf6 28. c4 g5 29. Nb5 Bxb5 30. Rxd8+ Bxd8 31. cxb5 Ke7 32. Rb1 {0-1 Veiga,J (2409)-Chigaev,M (2617) Titled Tue 6th Jun Late 2023 (5)}) 18. Be5 b5 $146 ({RR} 18... Be7 19. g4 Ne8 20. Bg3 Bd6 21. Kh2 Bxg3+ 22. Kxg3 Nc7 23. f4 Nb5 24. Nxb5 Bxb5 25. Rxd8+ Rxd8 26. Rd1 Rxd1 27. Bxd1 g5 28. h4 gxf4+ 29. Kxf4 f6 30. g5 hxg5+ 31. hxg5 Kg7 32. gxf6+ Kxf6 33. a4 {½-½ Borisek,J (2555)-Tratar,M (2494) SLO-chT Slovenia 2013 (1)}) 19. Rd3 a5 20. a3 Be7 21. Red1 Ne4 22. Ba2 Nc5 23. R3d2 a4 24. Nc2 Be8 25. Bd4 Nb3 26. Bxb3 axb3 27. Ne3 f6 28. Bc5 Rxd2 29. Bxe7+ Kxe7 30. Rxd2 g5 31. Rd4 f5 32. g3 e5 33. Rb4 Ke6 34. Rxb3 f4 35. gxf4 gxf4 36. Ng4 Bc6 37. Kf1 h5 38. Nh2 e4 39. Rb4 Ke5 40. Ke2 Rg8 41. Nf1 Rg1 42. c4 bxc4 43. Rb6 Bd5 44. Rh6 f3+ 45. Ke1 c3 46. Rxh5+ Kd6 0-1

[Event "45th Olympiad 2024"]
[Site "Budapest HUN"]
[Date "2024.09.18"]
[Round "7.19"]
[Board "3"]
[White "Livaic, Leon"]
[Black "Bersamina, Paulo"]
[Result "1-0"]
[WhiteElo "2550"]
[BlackElo "2425"]
[PlyCount "119"]
[EventDate "2024.09.11"]
[WhiteTeam "Croatia"]
[BlackTeam "Philippines"]
[WhiteTeamCountry "CRO"]
[BlackTeamCountry "PHI"]

1. d4 Nf6 2. c4 g6 3. Nc3 d5 4. cxd5 Nxd5 5. e4 Nxc3 6. bxc3 Bg7 7. Be3 O-O 8. Qd2 c5 9. Rc1 Qa5 10. d5 Nd7 11. c4 Qxd2+ 12. Kxd2 f5 ({RR} 12... b6 13. Ne2 e6 14. Nc3 Ne5 15. h3 Ba6 16. Nb5 Bxb5 17. cxb5 exd5 18. exd5 Rad8 19. f4 Nd7 20. Bc4 Nf6 21. Kc2 Nxd5 22. Bd2 Nxf4 23. Bxf4 Rd4 24. Kb3 Rxf4 25. Rhf1 Rd4 26. Rce1 Rd2 27. Re2 {0-1 Kulpruethanon,T (2286)-Krstulovic,A (2452) 45th Olympiad 2024 (6.36)}) 13. exf5 Rxf5 $146 ({RR} 13... gxf5 14. Nh3 e5 15. dxe6 Nf6 16. Nf4 Re8 17. Bd3 Ne4+ 18. Kc2 Bxe6 19. g4 Bd7 20. gxf5 Bxf5 21. Rhg1 Kf7 22. Nd5 Rad8 23. Rb1 b6 24. a4 Rxd5 25. cxd5 c4 26. Rxg7+ Kxg7 27. Rg1+ Kf7 28. Bxc4 {1-0 Syre,C (2275)-Berndt,S (2300) Oberliga Nord O 9293 1992}) ({RR} 13... gxf5 14. Nh3 b6 15. Nf4 Ne5 16. f3 Bd7 17. h4 Rad8 18. Kc2 Rfe8 19. Nh5 Bh8 20. Re1 Nf7 21. Bf4 e5 22. dxe6 Bxe6 23. Bd3 b5 24. cxb5 c4 25. Be2 c3 26. Bd3 Rd4 27. Re3 Nd6 28. Bxd6 {1-0 Shevelev,S (2445)-Kaskinen,T Heart of Finland op 04th 1994}) ({RR} 13... gxf5 14. Nh3 Nf6 15. f3 b6 16. Nf4 Ne8 17. Bd3 Nc7 18. Nh5 Bh8 19. Bg5 Kf7 20. Rce1 e5 21. g4 Rg8 22. h4 f4 23. Bxh7 Re8 24. Be4 Bd7 25. Bh6 Rg8 26. g5 Ne8 27. Rhg1 Rg6 28. Bf8 {1-0 Vasiljevic,D (2330)-Davidovic,A (2410) YUG-chT 38th 1986}) 14. Bd3 Rf8 15. Nf3 Re8 16. Ng5 Ne5 17. Bxc5 Nxd3 18. Kxd3 Bf5+ 19. Ke2 Bb2 20. Rcd1 Rac8 21. Bd4 Ba3 22. Bxa7 Rxc4 23. Be3 Ra8 24. Rd4 Rc2+ 25. Rd2 Rxd2+ 26. Bxd2 Bb2 27. Bc1 Rxa2 28. Bxb2 Rxb2+ 29. Ke3 Rb3+ 30. Kf4 Rb4+ 31. Ke3 b5 32. f3 h6 33. Ne4 Rb2 34. Nd2 Ra2 35. g4 Bc2 36. Kd4 Ra3 37. Kc5 Rd3 38. Ne4 Rxf3 39. Re1 Rf4 40. d6 exd6+ 41. Nxd6 b4 42. Re7 b3 43. Rb7 Rf2 44. h4 g5 45. hxg5 hxg5 46. Kd4 Kf8 47. Ke5 Rf3 48. Ke6 Bg6 49. Ke5 Kg8 50. Ke6 Kh8 51. Ke5 Kg8 52. Ke6 Kf8 53. Ke5 Bc2 54. Ke6 Rf4 55. Nf5 Kg8 56. Kf6 Ra4 57. Nh6+ Kh8 58. Nf7+ Kh7 59. Nxg5+ Kh6 60. Rh7+ 1-0

[Event "45th Olympiad 2024"]
[Site "Budapest HUN"]
[Date "2024.09.18"]
[Round "7.19"]
[Board "4"]
[White "Gomez, John Paul"]
[Black "Stevic, Hrvoje"]
[Result "0-1"]
[WhiteElo "2408"]
[BlackElo "2531"]
[PlyCount "56"]
[EventDate "2024.09.11"]
[WhiteTeam "Philippines"]
[BlackTeam "Croatia"]
[WhiteTeamCountry "PHI"]
[BlackTeamCountry "CRO"]

1. d4 d5 2. c4 c6 3. Nf3 Nf6 4. e3 Bf5 5. Nc3 e6 6. Nh4 Bg6 7. Be2 Nbd7 8. O-O Be7 9. g3 dxc4 10. Nxg6 hxg6 11. Bxc4 Qa5 12. e4 b5 13. Bd3 b4 14. Na4 Rd8 $146 ({RR} 14... O-O 15. e5 Nd5 16. h4 c5 17. h5 cxd4 18. Re1 g5 19. Bd2 Nc3 20. bxc3 {½-½ Levin,E (2491)-Smekalov,A (2113) Bronstein 100 Minsk Open 2024 (5.8)}) 15. a3 c5 16. axb4 Qxb4 17. Nc3 cxd4 18. Nb5 Ne5 19. b3 Nxd3 20. Qxd3 Rh5 21. Nc7+ Kf8 22. Bf4 Qb7 23. e5 Nd7 24. Nxe6+ fxe6 25. Qxg6 Rxe5 26. Bxe5 Nxe5 27. Qh5 Nf3+ 28. Kh1 Nd2+ 0-1

[Event "45th Olympiad 2024"]
[Site "Budapest HUN"]
[Date "2024.09.18"]
[Round "7.20"]
[Board "1"]
[White "Galaviz Medina, Sion Radamantys"]
[Black "Vocaturo, Daniele"]
[Result "1/2-1/2"]
[WhiteElo "2488"]
[BlackElo "2600"]
[PlyCount "61"]
[EventDate "2024.09.11"]
[WhiteTeam "Mexico"]
[BlackTeam "Italy"]
[WhiteTeamCountry "MEX"]
[BlackTeamCountry "ITA"]

1. d4 {Huzman,Alexander} d5 2. c4 dxc4 3. e3 Nf6 4. Bxc4 e6 5. Nf3 c5 6. O-O Nc6 7. Qe2 a6 8. Rd1 b5 9. d5 bxc4 ({RR} 9... exd5 10. Bxd5 Nxd5 11. e4 Bd6 ({RR} 11... Qe7 12. Rxd5 Be6 ({RR} 12... Bg4) 13. Rd1 Bg4) ({RR} 11... Bg4 12. exd5+ ({RR} 12. Rxd5 Qf6) 12... Qe7 13. Qc2 ({RR} 13. Qxe7+ Nxe7 14. a4 b4 ({RR} 14... Rd8 15. axb5 axb5 16. Nc3 b4 17. Nb5)) 13... Bxf3 ({RR} 13... Ne5 14. d6 Qe6 15. d7+ Kd8 16. Ng5) 14. gxf3 Ne5 ({RR} 14... Nd4 15. Rxd4 cxd4 16. Qc6+) 15. Qe4 Rd8 16. a4) 12. exd5+ Ne7 13. a4 b4 14. Nbd2 O-O 15. Nc4 Re8 16. Bg5 ({RR} 16. Ng5 h6 17. Ne4 ({RR} 17. Nxd6 Qxd6 18. Ne4 Nxd5) 17... Nf5) 16... a5 17. Re1 Ba6 18. Qe4 Bxc4 19. Qxc4 Qc7 20. Bxe7 ({RR} 20. Re4 Ng6 21. Rae1 Rxe4 22. Rxe4 ({RR} 22. Qxe4 h6 23. Be3 c4) 22... Ne5 23. Nxe5 Bxe5) 20... Bxe7 21. b3 Bf6 22. Rxe8+ Rxe8 23. Rd1 Rd8 24. g3 {½-½ Kramnik,V (2760)-Topalov,V (2690) FIDE-Wch k.o. 1999 (4.2)}) ({RR} 9... Nxd5 10. e4 bxc4 11. exd5 Nd4 12. Nxd4 cxd4 13. Rxd4 Bc5 ({RR} 13... Bb7 14. Nc3 Bb4 ({RR} 14... Bc5 15. Rxc4) 15. Qxc4 Bxc3 16. bxc3 ({RR} 16. Qa4+ Qd7 17. Qxd7+ Kxd7 18. dxe6+ Kxe6 19. bxc3) 16... exd5 17. Ba3) 14. Rxc4 Qxd5 ({RR} 14... Bb6 15. Rg4 Qxd5 16. Nc3) 15. Nc3 Qf5 16. g4) ({RR} 9... exd5 10. Bxd5 Nxd5 11. Nc3 Be6 12. e4 Nd4 13. Rxd4 cxd4 14. exd5 dxc3 15. dxe6 fxe6 16. Qxe6+ Be7 17. Qc6+ Kf8 18. Be3 cxb2 19. Re1 Rc8 20. Qe6 Bf6 21. Ng5 Bxg5 22. Bxg5 Qxg5 23. Qxc8+ Kf7 24. Qe6+ {1-0 Holt,C (2540)-Paravyan,D (2612) Titled Tue 13th Feb Late 2024 (4)}) 10. dxc6 Qc7 11. Bd2 $146 ({RR} 11. Nc3 Be7 12. e4 h6 13. Qxc4 O-O 14. Qa4 Rb8 15. e5 Nh7 16. a3 Rb6 17. Nd2 c4 18. Nxc4 Rxc6 19. b3 Bb7 20. Be3 Ba8 21. Rac1 f6 22. Bd4 Rd8 23. exf6 Nxf6 24. Be5 Rxd1+ 25. Rxd1 Qc8 {1-0 Korobov,A (2683)-Kovchan,A (2568) UKR-ch op 89th 2020 (2)}) ({RR} 11. Na3 Be7 12. Nxc4 Qxc6 13. b3 a5 14. Nfe5 Qc7 15. Qf3 Bb7 16. Qg3 O-O 17. Ng6 Rfd8 18. Bb2 Qxg3 19. Nxe7+ Kf8 20. Rxd8+ Rxd8 21. hxg3 Kxe7 22. Nxa5 Ba6 23. Nc6+ {1-0 Dubov,D (2708)-Piorun,K (2611) Titled Tue 13th Dec Early 2022 (4)}) 11... Qxc6 12. Na3 Be7 13. Nxc4 Bb7 14. Na5 Qc7 15. Rac1 O-O 16. b4 Rac8 17. bxc5 Bxc5 18. Rxc5 Bxf3 19. Rxc7 Bxe2 20. Rxc8 Rxc8 21. Rc1 Rxc1+ 22. Bxc1 Nd5 23. Bd2 Bb5 24. e4 Ne7 25. f3 Nc6 26. Nxc6 Bxc6 27. Kf2 e5 28. Ke3 f6 29. Bb4 Kf7 30. a3 Bb5 31. g3 1/2-1/2

[Event "45th Olympiad 2024"]
[Site "Budapest HUN"]
[Date "2024.09.18"]
[Round "7.20"]
[Board "2"]
[White "Lodici, Lorenzo"]
[Black "Cori Quispe, Kevin Joel"]
[Result "1-0"]
[WhiteElo "2556"]
[BlackElo "2461"]
[PlyCount "77"]
[EventDate "2024.09.11"]
[WhiteTeam "Italy"]
[BlackTeam "Mexico"]
[WhiteTeamCountry "ITA"]
[BlackTeamCountry "MEX"]

1. e4 c5 2. Nf3 e6 3. d4 cxd4 4. Nxd4 a6 5. Bd3 Bc5 6. Nb3 Be7 7. O-O d6 8. Qg4 g6 9. Qe2 Nc6 10. a4 Ne5 11. Nc3 Nf6 12. Bh6 Nfg4 13. Bd2 O-O 14. a5 Bd7 15. f4 Nxd3 16. cxd3 Nf6 17. Be3 Rc8 $146 ({RR} 17... Bc6 18. Nd4 Rc8 19. Kh1 Re8 20. g4 Bf8 21. f5 Bg7 22. fxe6 fxe6 23. Nxc6 Rxc6 24. d4 Qc8 25. h3 Rf8 26. Qg2 Rc4 27. Rf2 Nd7 28. Rd2 Rb4 29. Rad1 Qc7 30. Ra1 b5 31. e5 d5 32. Rc2 {1-0 Hansen,E (2573)-Shchekachev,A (2531) Wch Rapid Berlin 2015 (13)}) 18. Bb6 Qe8 19. e5 dxe5 20. fxe5 Nd5 21. Nxd5 exd5 22. Qe3 Be6 23. Nd4 Qd7 24. Rae1 Rfe8 25. Qh6 Bf8 26. Qf4 Bg7 27. Re3 Qe7 28. b4 Qd7 29. Bc5 Rc7 30. Nb3 d4 31. Nxd4 Bd5 32. Ne2 Qe6 33. Qh4 Bxe5 34. Nf4 Qd7 35. Nh5 gxh5 36. Qg5+ Bg7 37. Bd4 f6 38. Bxf6 Rxe3 39. Bxg7 1-0

[Event "45th Olympiad 2024"]
[Site "Budapest HUN"]
[Date "2024.09.18"]
[Round "7.20"]
[Board "3"]
[White "Ibarra Chami, Luis Fernando"]
[Black "Moroni, Luca Jr"]
[Result "1/2-1/2"]
[WhiteElo "2427"]
[BlackElo "2558"]
[PlyCount "93"]
[EventDate "2024.09.11"]
[WhiteTeam "Mexico"]
[BlackTeam "Italy"]
[WhiteTeamCountry "MEX"]
[BlackTeamCountry "ITA"]

1. e4 c5 2. Nf3 Nc6 3. d4 cxd4 4. Nxd4 Nf6 5. Nc3 h5 6. h3 g6 7. Nxc6 ({RR} 7. Be3 Bg7 8. Bc4 O-O 9. Bb3 Na5 10. e5 Nh7 11. Nf3 Nxb3 12. axb3 d6 13. exd6 exd6 14. O-O b6 15. Bd4 Nf6 16. Nb5 a6 17. Nc3 Bb7 18. Ng5 b5 19. Re1 Qd7 20. b4 Rfe8 21. Qd3 h4 {0-1 Kravtsiv,M (2598)-Hakobyan,A (2612) Titled Tuesday intern op 09th Aug Late blitz 2022 (10)}) 7... bxc6 8. e5 Nh7 9. Bd3 $146 ({RR} 9. Bc4 Bg7 10. f4 d6 11. O-O O-O 12. Be3 a5 13. Rf2 Rb8 14. Bb3 Qc7 15. Qf1 h4 16. Bd4 Bf5 17. Re1 Rfd8 18. a3 Rbc8 19. Nd1 dxe5 20. Bxe5 Qa7 21. Ne3 e6 22. a4 Nf6 23. Nxf5 exf5 {0-1 Abdumalik,Z (2496)-Nihal,S (2648) Fagernes op 2022 (6)}) ({RR} 9. Bc4 Bg7 10. Qe2 O-O 11. O-O Rb8 12. Bf4 d5 13. exd6 exd6 14. Bb3 Rb4 15. Bd2 Rb7 16. Rad1 d5 17. Rfe1 Ng5 18. Bf4 Ne6 19. Be5 Qg5 20. Qd2 Qxd2 21. Rxd2 Bxe5 22. Rxe5 Nc5 23. f3 Be6 {½-½ Karsten,J (2311)-Cogan,N (2112) 45th Olympiad 2024 (3.57)}) 9... Bg7 10. Qe2 O-O 11. O-O d6 12. f4 dxe5 13. f5 gxf5 14. Bxf5 Bxf5 15. Rxf5 e6 16. Rxh5 f5 17. Bh6 Qf6 18. Bxg7 Qxg7 19. Qc4 Rf6 20. Qxc6 Rb8 21. Rd1 Nf8 22. Na4 Rg6 23. Kh1 e4 24. Qd6 Rb7 25. Rg1 Rc7 26. Nc5 Rf7 27. c3 Qf6 28. Qf4 Rfg7 29. Qh4 Qxh4 30. Rxh4 Nd7 31. Nxd7 Rxd7 32. Rf4 Kf7 33. Rf2 Kf6 34. c4 Ke5 35. c5 Rg3 36. c6 Rc7 37. Rc2 Rd3 38. b4 a6 39. a4 Rb3 40. Rc5+ Kf4 41. b5 axb5 42. axb5 Kg3 43. Rf1 Rb2 44. Rc3+ Kh4 45. Rc5 Kg3 46. Rc3+ Kh4 47. Rc5 1/2-1/2

[Event "45th Olympiad 2024"]
[Site "Budapest HUN"]
[Date "2024.09.18"]
[Round "7.20"]
[Board "4"]
[White "Sonis, Francesco"]
[Black "Palma Villanueva, Miguel Tadeo"]
[Result "1-0"]
[WhiteElo "2554"]
[BlackElo "2266"]
[PlyCount "57"]
[EventDate "2024.09.11"]
[WhiteTeam "Italy"]
[BlackTeam "Mexico"]
[WhiteTeamCountry "ITA"]
[BlackTeamCountry "MEX"]

1. d4 g6 2. c4 Bg7 3. Nf3 Nf6 4. g3 c6 5. Bg2 d5 6. b3 O-O 7. Bb2 dxc4 8. bxc4 Ne4 $146 ({RR} 8... Qb6 9. Qb3 Ne4 10. O-O c5 11. e3 Nc6 12. Nc3 Qxb3 13. axb3 Nxc3 14. Bxc3 Rd8 15. Ne5 cxd4 16. Nxc6 bxc6 17. exd4 Bxd4 18. Bxd4 Rxd4 19. Bxc6 Rb8 20. Rfd1 Rxd1+ 21. Rxd1 Bh3 22. Ba4 Kg7 23. f3 {1-0 Lazavik,D (2572)-Gatterer,F (2170) Titled Tue 21st May Early 2024 (1)}) ({RR} 8... c5 9. Qc1 cxd4 10. Nxd4 Nc6 11. Nxc6 bxc6 12. Nd2 Bg4 13. h3 Be6 14. O-O Qc8 15. h4 Bh3 16. Qc2 Rd8 17. Nf3 Bxg2 18. Kxg2 Nh5 19. Bxg7 Nxg7 20. Rfd1 Qg4 21. Rab1 Ne6 22. e3 Nc5 23. Rd4 {½-½ Gelfand,B (2728)-Giri,A (2775) Geneva FIDE GP 2017 (4)}) ({RR} 8... c5 9. Nbd2 cxd4 10. Nxd4 Ng4 11. N2b3 a5 12. a4 Na6 13. O-O Nb4 14. Rc1 Bd7 15. Nc5 Bc6 16. Nxc6 bxc6 17. Bxg7 Kxg7 18. Qb3 Qd6 19. Ne4 Qe5 20. c5 Rad8 21. Rfd1 Rd4 22. f4 Rxd1+ 23. Rxd1 {1-0 Wagner,D (2334)-Frayna,J (2179) Speed Chess (Women) Q2 blitz 2021 (7)}) ({RR} 8... c5 9. O-O Qb6 10. Qb3 Ne4 11. e3 Nc6 12. Ne5 Nd6 13. Qxb6 axb6 14. Nxc6 bxc6 15. Bxc6 Rb8 16. Na3 Ba6 17. Rfc1 Rfc8 18. Bb5 Bb7 19. Rc2 Be4 20. Rd2 Ra8 21. Kf1 Ra5 22. Ke2 Rca8 23. f3 {1-0 Frischmann,R (2230)-Schellmann,F (2098) GER-ch 84th Saarbruecken 2013 (4)}) 9. O-O Qb6 10. Qc1 c5 11. e3 cxd4 12. Bxd4 Bxd4 13. exd4 Nc6 14. Re1 f5 15. c5 Qd8 16. Qc4+ e6 17. Nc3 Nxc3 18. Qxc3 Ne7 19. Ne5 Nd5 20. Qb3 Kh8 21. f4 Ne7 22. Rad1 Rb8 23. Qa3 a6 24. Nc4 Bd7 25. d5 exd5 26. Bxd5 Nxd5 27. Rxd5 Rf7 28. Ne5 Qe8 29. Qc3 1-0